00437nam a2200121Ia 4500008004100000245004600041245006200087260000900149650001400158856005100172999001900223952007300242171211s9999 xx 000 0 und d 4aThe Oxford Handbook of Economic Geography cGordon L. Clark, Maryann P. Feldman, and Meric S. Gertler c2001 xEconomics uhttp://down.ebook777.com/063/9780198234104.pdf c348118d348118 001040aCLbCLd2017-12-11l0r2017-12-11 00:00:00w2017-12-11yCBE